000 00527nam a2200193Ia 4500
005 20260114185633.0
008 008 260114s9999 xx 000 0 eng d
020 _a9781472895721
037 _aEBOOK
040 _aCRL
_beng
_cCRL
041 _aeng
_2eng
084 _qCRL
100 _aCarl Benn
_9872522
245 4 _aThe War of 1812
260 _bBloomsbury
_c2016
856 _uhttps://doi.org/10.5040/9781472895721?locatt=label:secondary_bloomsburyCollections
942 _cEBOOK
999 _c1471470
_d1471470